000 01703nam a2200277Ia 4500
999 _c39173
_d39173
001 5756
003 GE_BSU
005 20191024173459.0
008 181216s2012||||ge |||||||||||||| ||geo||
040 _cGE_BSU
041 _ageo
080 _a27-144.89 ს-32
245 _aსაქართველოს იმედი /
_b
_cშემდგ.: კახაბერ კენკიშვილი, სოფიო თავაძე; რედ. თამარ მამაცაშვილი
264 _aთბილისი :
_bპალიტრა L,
_c2012.
300 _a151 გვ. ;
_b20 სმ.
490 _aსაქართველოს იმედი : ყველა წმინდანი, რომელთა შესახებაც უნდა იცოდე,
_v წ. 1
_xISSN 2298-0547
500 _a იბეჭდება სრ. საქ. კათოლიკოს-პატრიარქის ილია II-ის ლოცვა-კურთხევით
541 _h3ლ.
653 _a საქართველოს მართლმადიდებლური ეკლესია;
653 _aმართლმადიდებლობის ისტორია საქართველოში;
653 _a წმინდანთა ცხოვრება; იესო ქრისტე;
700 _aკენკიშვილი, კახაბერ
_eრედაქტორი
_95012
700 _aთავაძე, სოფიო
_eრედაქტორი
_95013
700 _aმამაცაშვილი, თამარ
_eრედაქტორი
_92211
942 _cBK
_2udc